[Event "XIII American Continental"]
[Site "Montevideo URU"]
[Date "2018.06.04"]
[Round "5"]
[White "Lanaro, Emilio"]
[Black "Kulik, Nicolas"]
[Result "1-0"]
[WhiteElo "1760"]
[BlackElo "1367"]
[EventDate "2018.06.01"]
[PlyCount "91"]

1.d4 e6 2.Bf4 f5 3.e3 Nf6 4.Nf3 c6 5.Nbd2 d5 6.Be2 Nbd7 7.Ne5 c5 8.c4 Qb6 
9.Qb3 Qxb3 10.axb3 cxd4 11.exd4 Nxe5 12.Bxe5 Kf7 13.O-O Rg8 14.c5 Nd7 15.
b4 b6 16.Rfc1 g6 17.cxb6 Nxb6 18.Rc7+ Nd7 19.Bb5 Ke8 20.Bc6 Kd8 21.Bxa8 
Nxe5 22.Rxc8+ Kxc8 23.dxe5 Bxb4 24.Nb3 Kc7 25.Rxa7+ Kc8 26.Rxh7 d4 27.Bb7+
Kb8 28.Nxd4 Ka7 29.Nc6+ Kb6 30.Nxb4 Rd8 31.g3 Rb8 32.Bf3 Rc8 33.Nd3 g5 34.
Rh6 Kc7 35.Rxe6 g4 36.Bg2 Rd8 37.Nf4 Rd1+ 38.Bf1 Rb1 39.Rf6 Re1 40.e6 Kb8 
41.Ne2 Rd1 42.e7 Rxf1+ 43.Kxf1 f4 44.e8=Q+ Ka7 45.Qe7+ Kb8 46.Rf8# 1-0

[Event "XIII American Continental"]
[Site "Montevideo URU"]
[Date "2018.06.04"]
[Round "5"]
[White "Baratta, Daniel"]
[Black "Areco, Antonio"]
[Result "0-1"]
[WhiteElo "1193"]
[BlackElo "1746"]
[EventDate "2018.06.01"]
[PlyCount "84"]

1.d4 Nf6 2.c4 e5 3.dxe5 Ng4 4.Nf3 Nc6 5.Nc3 Ngxe5 6.Nxe5 Nxe5 7.b3 Bb4 8.
Bd2 Qe7 9.e3 c6 10.Be2 O-O 11.Qc2 d6 12.Rd1 Qg5 13.g3 Qh6 14.Ne4 Bxd2+ 15.
Rxd2 Bf5 16.f4 Qg6 17.fxe5 Bxe4 18.Bd3 Bxd3 19.Qxd3 dxe5 20.Qxg6 hxg6 21.
Rd7 b5 22.c5 Rfd8 23.Rc7 Rdc8 24.Rd7 a5 25.a3 Rd8 26.Rc7 Rd3 27.Ke2 Rad8 
28.Rxc6 e4 29.Rd6 R8xd6 30.cxd6 Rxd6 31.Rd1 Rxd1 32.Kxd1 Kf8 33.b4 axb4 
34.axb4 Ke7 35.Kc2 Kd6 36.Kc3 Ke5 37.Kb3 g5 38.Kc3 f5 39.Kd2 g6 40.Kc3 f4 
41.Kd2 f3 42.Ke1 Kd5 0-1

[Event "XIII American Continental"]
[Site "Montevideo URU"]
[Date "2018.06.04"]
[Round "5"]
[White "Visillac, Alejandro"]
[Black "Amaral, Francisco"]
[Result "1-0"]
[WhiteElo "1830"]
[BlackElo "1637"]
[EventDate "2018.06.01"]
[PlyCount "103"]

1.e4 c5 2.Nf3 Nc6 3.d3 d6 4.g3 g6 5.Bg2 Bg7 6.O-O e5 7.Nc3 Nge7 8.Bg5 h6 
9.Be3 Be6 10.Ne2 Qd7 11.Re1 f5 12.c3 g5 13.exf5 Nxf5 14.Nd2 Nxe3 15.fxe3 
O-O 16.Ne4 b6 17.Qa4 d5 18.Nd2 Rad8 19.Rf1 Nd4 20.Rxf8+ Bxf8 21.Qd1 Nxe2+ 
22.Qxe2 Bg7 23.Rf1 Bg4 24.Bf3 Bxf3 25.Rxf3 g4 26.Rf2 Rf8 27.b3 Qe6 28.c4 
dxc4 29.Rxf8+ Kxf8 30.dxc4 e4 31.Qf2+ Ke7 32.Qf4 h5 33.Qxe4 Qxe4 34.Nxe4 
Ke6 35.Kf1 Be5 36.Ke2 Bg7 37.Kd3 Be5 38.Nf2 Kf5 39.Ne4 Ke6 40.Nc3 Bxc3 41.
Kxc3 Ke5 42.Kd3 Kf5 43.e4+ Ke6 44.Ke2 Kd6 45.Ke3 Ke5 46.a3 a6 47.b4 a5 48.
bxa5 bxa5 49.a4 Ke6 50.Kf4 Kf6 51.e5+ Ke6 52.Ke4 1-0

[Event "XIII American Continental"]
[Site "Montevideo URU"]
[Date "2018.06.04"]
[Round "5"]
[White "Torres Acosta, Raul"]
[Black "Podesta, Sofia"]
[Result "1-0"]
[WhiteElo "1676"]
[BlackElo "1195"]
[EventDate "2018.06.01"]
[PlyCount "85"]

1.e4 e6 2.d4 d5 3.Nc3 Bb4 4.exd5 Qxd5 5.Bd2 Qxd4 6.Nf3 Qd6 7.Be2 Nf6 8.O-O
O-O 9.Nb5 Qe7 10.Bxb4 Qxb4 11.Nxc7 Qxb2 12.Nxa8 Qc3 13.Qd4 Qxc2 14.Bd3 Qc6
15.Rfc1 Qd5 16.Qc3 b6 17.Nc7 Qd7 18.Bb5 Qe7 19.Bd3 a6 20.Ne5 h6 21.Qd4 b5 
22.Qb6 Nbd7 23.Nxd7 Nxd7 24.Qe3 Qd6 25.Be4 Ne5 26.Qa7 Rd8 27.g3 Nc4 28.Rd1
Qxd1+ 29.Rxd1 Rxd1+ 30.Kg2 Nd6 31.Bf3 Rd2 32.Qc5 Nc4 33.Nxb5 axb5 34.Qxc8+
Kh7 35.Qc5 Rxa2 36.Be4+ f5 37.Bf3 Rb2 38.Bh5 e5 39.Qa7 f4 40.Qf7 Ne3+ 41.
Kh3 Nf5 42.Bg6+ Kh8 43.Qf8# 1-0

[Event "XIII American Continental"]
[Site "Montevideo URU"]
[Date "2018.06.04"]
[Round "5"]
[White "Aprahamian, Tomas"]
[Black "Ramirez, Agustin"]
[Result "1-0"]
[WhiteElo "1399"]
[BlackElo "1675"]
[EventDate "2018.06.01"]
[PlyCount "109"]

1.d4 Nf6 2.Nf3 e6 3.e3 d5 4.Bd3 c5 5.c3 Nc6 6.Nbd2 Bd7 7.O-O Be7 8.Qe2 Qb6
9.dxc5 Bxc5 10.e4 O-O 11.exd5 exd5 12.Nb3 Rfe8 13.Qc2 h6 14.Nxc5 Qxc5 15.
Be3 Qd6 16.h3 Rac8 17.Rad1 Qc7 18.Qd2 Ne5 19.Nxe5 Qxe5 20.Bd4 Qd6 21.Bxf6 
Qxf6 22.Bc2 Bc6 23.Bb3 Rcd8 24.Qc2 Bb5 25.Rfe1 Rxe1+ 26.Rxe1 Bc6 27.Qd3 
Rd6 28.Bc2 Qg6 29.Qxg6 fxg6 30.Rd1 Rd7 31.Bxg6 Re7 32.Bd3 Rd7 33.f3 a6 34.
Kf2 Re7 35.Rd2 Kf7 36.Re2 Rxe2+ 37.Kxe2 Ke6 38.Ke3 g5 39.Kd4 Kd6 40.Bf5 a5
41.a3 b5 42.g3 Be8 43.f4 Bh5 44.fxg5 hxg5 45.h4 gxh4 46.gxh4 a4 47.Bd3 Kc6
48.Bh7 Bf7 49.Bf5 Kd6 50.Bg4 Bg8 51.h5 Bh7 52.Be2 Kc6 53.Bd3 Bg8 54.h6 Kb6
55.h7 1-0

[Event "XIII American Continental"]
[Site "Montevideo URU"]
[Date "2018.06.04"]
[Round "5"]
[White "Cardozo, Camila"]
[Black "Ribeiro, Gilnei Guedes"]
[Result "1/2-1/2"]
[WhiteElo "1586"]
[BlackElo "1445"]
[EventDate "2018.06.01"]
[PlyCount "105"]

1.d4 Nf6 2.Nf3 e6 3.Bf4 d5 4.e3 Bd6 5.Bg3 c5 6.c3 Nc6 7.Nbd2 O-O 8.Bd3 Re8
9.Ne5 Qc7 10.f4 Bd7 11.O-O Ne7 12.Bh4 Ng6 13.Bg5 Be7 14.h4 cxd4 15.exd4 
Bc6 16.h5 Nf8 17.Bxf6 Bxf6 18.Qg4 a6 19.Qg3 Bb5 20.Ng4 Nd7 21.Nxf6+ Nxf6 
22.h6 g6 23.Qg5 Qe7 24.c4 dxc4 25.Nxc4 Rad8 26.Rad1 Nd5 27.Qe5 Qf8 28.Ne3 
Nxe3 29.Bxb5 Rd5 30.Qxe3 Rxb5 31.b3 Qxh6 32.d5 Qf8 33.d6 Rd8 34.Qd4 Rd5 
35.Qb4 Qxd6 36.Rxd5 Qxb4 37.Rxd8+ Kg7 38.Rdd1 Qc5+ 39.Rf2 b5 40.Rd2 a5 41.
Rc2 Qb6 42.Kh2 b4 43.Rf1 Qe3 44.Rcf2 h5 45.Rf3 Qd4 46.R3f2 f5 47.Rf3 e5 
48.fxe5 Qxe5+ 49.Kg1 Kh6 50.Rf4 Kg5 51.Rc4 Qe2 52.Rf2 Qe5 53.Rfc2 1/2-1/2

[Event "XIII American Continental"]
[Site "Montevideo URU"]
[Date "2018.06.04"]
[Round "5"]
[White "Macias Araya, Javier"]
[Black "Araujo, Daniel"]
[Result "0-1"]
[WhiteElo "1378"]
[BlackElo "1529"]
[EventDate "2018.06.01"]
[PlyCount "40"]

1.e4 e5 2.Nf3 Nc6 3.Bc4 Bc5 4.Nc3 Nf6 5.Nd5 O-O 6.O-O d6 7.c3 Bg4 8.d3 h6 
9.b4 Bb6 10.Bb2 Nxd5 11.exd5 Ne7 12.Re1 f5 13.Qc2 Ng6 14.Qe2 Nh4 15.Kh1 
Qd7 16.Qf1 Nxf3 17.gxf3 Bxf3+ 18.Kg1 f4 19.h3 Rf5 20.h4 Rh5 0-1

[Event "XIII American Continental"]
[Site "Montevideo URU"]
[Date "2018.06.05"]
[Round "6"]
[White "Flores, Diego"]
[Black "Shankland, Samuel"]
[Result "0-1"]
[WhiteElo "2614"]
[BlackElo "2717"]
[EventDate "2018.06.01"]
[PlyCount "64"]

1.c4 e6 2.d4 Nf6 3.Nc3 Bb4 4.e3 O-O 5.Bd3 d5 6.Nf3 dxc4 7.Bxc4 c5 8.O-O 
cxd4 9.exd4 b6 10.Bg5 Bb7 11.Rc1 Nc6 12.a3 Be7 13.Ba2 Rc8 14.Re1 h6 15.Bh4
Nh5 16.Bg3 Nxg3 17.hxg3 Bf6 18.d5 exd5 19.Nxd5 Bxb2 20.Rc2 Bxa3 21.Rd2 Bc5
22.Nc3 Qc7 23.Rd7 Qb8 24.Ng5 Nd8 25.Nge4 Rc7 26.Qg4 Rxd7 27.Nf6+ Kh8 28.
Qf5 g6 29.Qh3 Bxf2+ 30.Kxf2 Rd2+ 31.Ke3 Qe5+ 32.Nce4 Qd4+ 0-1

[Event "XIII American Continental"]
[Site "Montevideo URU"]
[Date "2018.06.05"]
[Round "6"]
[White "Erenburg, Sergey"]
[Black "Xiong, Jeffery"]
[Result "1/2-1/2"]
[WhiteElo "2563"]
[BlackElo "2656"]
[EventDate "2018.06.01"]
[PlyCount "54"]

1.e4 e5 2.Nf3 Nc6 3.Bb5 Nf6 4.O-O Nxe4 5.d4 Nd6 6.Bxc6 dxc6 7.dxe5 Nf5 8.
Qxd8+ Kxd8 9.h3 Bd7 10.Rd1 Be7 11.Nc3 Kc8 12.g4 Nh4 13.Nxh4 Bxh4 14.Bf4 b6
15.Kg2 h5 16.f3 Be7 17.Ne4 Be6 18.Bg5 Re8 19.Bxe7 Rxe7 20.Ng3 hxg4 21.hxg4
g6 22.b3 a5 23.a4 Kb7 24.Rd2 c5 25.c4 Bd7 26.Re1 Bc6 27.Kf2 Rh8 1/2-1/2

[Event "XIII American Continental"]
[Site "Montevideo URU"]
[Date "2018.06.05"]
[Round "6"]
[White "Mareco, Sandro"]
[Black "Rodriguez Vila, Andres"]
[Result "1/2-1/2"]
[WhiteElo "2643"]
[BlackElo "2483"]
[EventDate "2018.06.01"]
[PlyCount "51"]

1.d4 d6 2.Nf3 g6 3.g3 Bg7 4.Bg2 Nf6 5.O-O c6 6.c4 Bf5 7.Ne1 Qd7 8.Nc3 Bh3 
9.e4 Bxg2 10.Kxg2 e5 11.Nc2 O-O 12.f3 exd4 13.Nxd4 Na6 14.Bg5 h6 15.Be3 
Rfe8 16.Qd2 d5 17.cxd5 cxd5 18.Bxh6 Bxh6 19.Qxh6 dxe4 20.Rad1 exf3+ 21.
Nxf3 Qc6 22.Rd4 Rad8 23.Kg1 Rxd4 24.Nxd4 Qc4 25.Qf4 Ne4 26.Ndb5 1/2-1/2

[Event "XIII American Continental"]
[Site "Montevideo URU"]
[Date "2018.06.05"]
[Round "6"]
[White "Roselli Mailhe, Bernardo"]
[Black "Cordova Daza, Emilio"]
[Result "0-1"]
[WhiteElo "2433"]
[BlackElo "2621"]
[EventDate "2018.06.01"]
[PlyCount "48"]

1.d4 e6 2.c4 b6 3.e4 Bb7 4.f3 f5 5.exf5 Nh6 6.fxe6 Nf5 7.exd7+ Nxd7 8.Ne2 
Bd6 9.Nbc3 O-O 10.Qd3 Qh4+ 11.Kd1 Bc5 12.Kc2 Nxd4+ 13.Nxd4 Bxd4 14.Be3 
Bxe3 15.Qxd7 Rf7 16.Qe6 Qf2+ 17.Kb3 a5 18.a4 Bg5 19.Bd3 Rf8 20.Ne4 Bxe4 
21.Qxe4 g6 22.Rae1 Rd8 23.Re2 Qc5 24.Ka2 Re7 0-1

[Event "XIII American Continental"]
[Site "Montevideo URU"]
[Date "2018.06.05"]
[Round "6"]
[White "Cruz Sanchez, Cristhian"]
[Black "Donoso Diaz, Sebastian"]
[Result "0-1"]
[WhiteElo "2576"]
[BlackElo "2184"]
[EventDate "2018.06.01"]
[PlyCount "80"]

1.Nf3 d5 2.g3 Nf6 3.Bg2 e6 4.O-O Be7 5.c4 O-O 6.d4 dxc4 7.Ne5 Nc6 8.Bxc6 
bxc6 9.Nxc6 Qe8 10.Nxe7+ Qxe7 11.b3 cxb3 12.Ba3 b2 13.Bxb2 Qd7 14.Nd2 Bb7 
15.f3 Rfd8 16.Nb3 Bd5 17.Nc5 Qb5 18.Qc2 Rab8 19.Rfb1 Qc4 20.Rc1 Qxc2 21.
Rxc2 Nd7 22.Na6 Rb6 23.Nxc7 Rc8 24.Rac1 Bxa2 25.e4 Bb3 26.Rc3 h5 27.Ba3 a5
28.d5 a4 29.Kf2 Ne5 30.d6 Rcb8 31.h3 Nd7 32.f4 Ba2 33.R3c2 Bb1 34.Rc4 Nf6 
35.Re1 Rb3 36.Na6 Rd8 37.e5 Ne4+ 38.Kg2 Rxg3+ 39.Kh2 Rxa3 40.Rd1 Bd3 0-1

[Event "XIII American Continental"]
[Site "Montevideo URU"]
[Date "2018.06.05"]
[Round "6"]
[White "El Debs, Felipe De Cresce"]
[Black "Panjwani, Raja"]
[Result "1/2-1/2"]
[WhiteElo "2537"]
[BlackElo "2456"]
[EventDate "2018.06.01"]
[PlyCount "112"]

1.e4 c5 2.Nf3 Nc6 3.Bb5 g6 4.Bxc6 bxc6 5.O-O Bg7 6.c3 Nf6 7.Re1 O-O 8.h3 
d5 9.e5 Nd7 10.d4 cxd4 11.cxd4 c5 12.Nc3 cxd4 13.Qxd4 e6 14.b3 f6 15.exf6 
Nxf6 16.Bb2 Ne4 17.Qe3 Qb6 18.Rad1 Qxe3 19.Rxe3 Nxf2 20.Kxf2 d4 21.Red3 
dxc3 22.Bxc3 Bxc3 23.Rxc3 Bb7 24.Rd7 Bxf3 25.gxf3 Rf7 26.Rxf7 Kxf7 27.Rc7+
Kf6 28.Rxh7 a5 29.Rc7 Rd8 30.Ke3 Rd5 31.Rc4 Rh5 32.h4 Rd5 33.Rf4+ Ke7 34.
Rg4 Kf6 35.Rg5 e5 36.f4 exf4+ 37.Kxf4 Rd4+ 38.Ke3 Rxh4 39.Rxa5 Rb4 40.Rc5 
g5 41.Rc4 Rb8 42.b4 Ra8 43.Rc2 Ke5 44.Kd3 g4 45.Ke3 Kd5 46.b5 g3 47.Kf3 
Ra5 48.Rb2 Ra8 49.Rc2 Ra5 50.Rb2 Ra8 51.Kxg3 Kc5 52.Kf4 Kb6 53.Ke5 Ra5 54.
Kd5 Rxb5+ 55.Rxb5+ Kxb5 56.a4+ Kxa4 1/2-1/2

[Event "XIII American Continental"]
[Site "Montevideo URU"]
[Date "2018.06.05"]
[Round "6"]
[White "Hungaski, Robert"]
[Black "Thavandiran, Shiyam"]
[Result "1-0"]
[WhiteElo "2510"]
[BlackElo "2417"]
[EventDate "2018.06.01"]
[PlyCount "87"]

1.Nf3 Nf6 2.c4 c5 3.Nc3 e6 4.g3 a6 5.Bg2 Qc7 6.O-O d6 7.b3 Be7 8.Bb2 b6 9.
e3 Bb7 10.Rc1 O-O 11.d4 Ne4 12.Ne2 Nd7 13.Nf4 Rfe8 14.Ne1 Nef6 15.d5 exd5 
16.cxd5 Rac8 17.Nc2 Qb8 18.e4 Bf8 19.Nh5 Nxh5 20.Qxh5 g6 21.Qh4 Ne5 22.
Rcd1 Bg7 23.Ba1 c4 24.f4 cxb3 25.Ne3 Nf3+ 26.Rxf3 b2 27.Bxb2 Bxb2 28.f5 
Qc7 29.f6 h5 30.Nf5 Re5 31.g4 Rxe4 32.Ne7+ Kf8 33.Nxc8 Bxc8 34.Qf2 Be5 35.
gxh5 gxh5 36.Qd2 Qc5+ 37.Kh1 Bg4 38.Rc1 Rc4 39.Rff1 Bf4 40.Qe1 Be5 41.Rxc4
Qxc4 42.Qe3 Ke8 43.Qh6 Be2 44.Rc1 1-0

[Event "XIII American Continental"]
[Site "Montevideo URU"]
[Date "2018.06.05"]
[Round "6"]
[White "Grabinsky, Aaron"]
[Black "Liang, Awonder"]
[Result "1/2-1/2"]
[WhiteElo "2296"]
[BlackElo "2571"]
[EventDate "2018.06.01"]
[PlyCount "166"]

1.e4 c5 2.Nf3 d6 3.d4 cxd4 4.Nxd4 Nf6 5.f3 e5 6.Nb3 Be7 7.c4 O-O 8.Nc3 a5 
9.Be3 a4 10.Nc1 a3 11.b3 Nc6 12.Bd3 Qa5 13.Qd2 Bd8 14.O-O Bb6 15.Bxb6 
Qxb6+ 16.Kh1 Nb4 17.N1e2 Bd7 18.Rac1 Bc6 19.Bb1 Rfd8 20.Ng3 Bd7 21.Nb5 Qc5
22.Qxd6 Qxd6 23.Nxd6 b6 24.Rfd1 g6 25.Ne2 Bc6 26.Nc3 Nh5 27.g3 Ng7 28.Kg1 
Ne6 29.Ndb5 Bxb5 30.Nxb5 Rxd1+ 31.Rxd1 Nd4 32.Nxd4 Rd8 33.f4 exd4 34.e5 f6
35.exf6 Kf7 36.Kf2 Kxf6 37.Rd2 h6 38.Re2 g5 39.fxg5+ hxg5 40.Kf3 Rd7 41.h3
Rd8 42.Re1 Rd7 43.h4 gxh4 44.gxh4 Rd8 45.h5 d3 46.Ke3 Rg8 47.Kd2 Rg2+ 48.
Kc3 Nxa2+ 49.Bxa2 Rxa2 50.Rh1 Rg2 51.Kxd3 a2 52.Kc3 Rh2 53.Re1 Rxh5 54.Kb2
Rh2+ 55.Ka3 Re2 56.Ra1 Ke6 57.Rxa2 Re5 58.Rd2 b5 59.cxb5 Rxb5 60.Ka4 Rb8 
61.Rd3 Ke5 62.b4 Ra8+ 63.Kb3 Rb8 64.Rd1 Ke6 65.Rd4 Ke5 66.Kc3 Rc8+ 67.Rc4 
Rb8 68.Rc5+ Kd6 69.Kc4 Ra8 70.Kb5 Rb8+ 71.Ka4 Ra8+ 72.Kb3 Rb8 73.Kc3 Ra8 
74.Kc4 Rg8 75.Kb3 Rb8 76.Rc1 Kd5 77.Rc4 Kd6 78.Ka4 Kd5 79.Rc5+ Kd6 80.Rb5 
Kc7 81.Rf5 Rh8 82.Ka5 Kb8 83.b5 Rh6 1/2-1/2

[Event "XIII American Continental"]
[Site "Montevideo URU"]
[Date "2018.06.05"]
[Round "6"]
[White "Pichot, Alan"]
[Black "Gemy Vargas, Jose Daniel"]
[Result "1-0"]
[WhiteElo "2564"]
[BlackElo "2393"]
[EventDate "2018.06.01"]
[PlyCount "79"]

1.e4 e5 2.Nf3 Nc6 3.Bc4 Bc5 4.c3 Nf6 5.d3 a6 6.Bb3 d6 7.O-O Ba7 8.Nbd2 O-O
9.h3 Kh8 10.Re1 Nh5 11.Nf1 Qf6 12.Be3 Nf4 13.d4 g5 14.dxe5 dxe5 15.N3h2 
Ne7 16.Ng4 Bxg4 17.Qxg4 Rfd8 18.Ng3 Qg6 19.h4 h6 20.hxg5 hxg5 21.Rad1 Nd3 
22.Nf5 Nxf5 23.exf5 Qh6 24.Re2 Bxe3 25.fxe3 Nc5 26.Red2 Rxd2 27.Rxd2 Qf6 
28.Bc2 Rd8 29.Rxd8+ Qxd8 30.b4 Nd7 31.f6 Nxf6 32.Qxg5 Qd6 33.Bb3 Qe7 34.
Qh6+ Kg8 35.g4 e4 36.g5 Ng4 37.Qg6+ Kf8 38.Qh7 Ke8 39.g6 Qg5 40.gxf7+ 1-0

[Event "XIII American Continental"]
[Site "Montevideo URU"]
[Date "2018.06.05"]
[Round "6"]
[White "Perez Ponsa, Federico"]
[Black "Vazquez Colman, Guillermo"]
[Result "1-0"]
[WhiteElo "2556"]
[BlackElo "2436"]
[EventDate "2018.06.01"]
[PlyCount "97"]

1.e4 c6 2.d4 d5 3.e5 Bf5 4.Nf3 e6 5.Be2 c5 6.Be3 cxd4 7.Nxd4 Ne7 8.O-O 
Nbc6 9.Bb5 a6 10.Bxc6+ bxc6 11.c4 Qd7 12.Nc3 dxc4 13.Na4 Nd5 14.Nxf5 exf5 
15.Rc1 Be7 16.Bc5 O-O 17.Rxc4 Qe6 18.Re1 Rfd8 19.Qc1 h6 20.Bxe7 Nxe7 21.
Nc5 Qd5 22.e6 Qd2 23.exf7+ Kxf7 24.Qb1 Rd5 25.Rc2 Qf4 26.Rce2 Rxc5 27.
Rxe7+ Kf8 28.Qd1 Rc1 29.Qd7 Rxe1+ 30.Rxe1 Qb4 31.Qxf5+ Kg8 32.Re2 Kh8 33.
g3 a5 34.Qf3 Qc4 35.b3 Qb5 36.Re6 Rc8 37.Qc3 Kh7 38.Re5 c5 39.Re7 Rg8 40.
Rc7 Qe2 41.a4 Qd1+ 42.Kg2 Qd5+ 43.Qf3 Qe5 44.Rf7 Kh8 45.Ra7 c4 46.bxc4 Qc5
47.Ra8 Qxc4 48.Rxa5 Qb4 49.Ra8 1-0

[Event "XIII American Continental"]
[Site "Montevideo URU"]
[Date "2018.06.05"]
[Round "6"]
[White "Tristan, Leonardo"]
[Black "Moradiabadi, Elshan"]
[Result "1-0"]
[WhiteElo "2459"]
[BlackElo "2549"]
[EventDate "2018.06.01"]
[PlyCount "113"]

1.d4 d5 2.Bf4 Nf6 3.e3 e6 4.Nf3 Bd6 5.Bd3 Bxf4 6.exf4 Qd6 7.Qd2 c5 8.dxc5 
Qxc5 9.O-O O-O 10.Nc3 Nc6 11.Rfe1 Bd7 12.a3 Rad8 13.b4 Qb6 14.Na4 Qc7 15.
Nc5 Bc8 16.Ne5 b6 17.Nb3 Ne7 18.Qe3 Ne4 19.c4 Nf5 20.Qc1 f6 21.cxd5 Qxc1 
22.Raxc1 fxe5 23.Bxe4 exf4 24.Bxf5 exf5 25.Nd4 Rxd5 26.Nc6 Kf7 27.Re7+ Kf6
28.Rxa7 Re8 29.h4 Rd2 30.Ra8 Bd7 31.Rxe8 Bxe8 32.b5 f3 33.gxf3 Rd3 34.a4 
Rxf3 35.Nb4 Ke6 36.Re1+ Kf7 37.Nd5 Rh3 38.Re7+ Kf8 39.Re5 Rxh4 40.Rxf5+ 
Bf7 41.a5 Ra4 42.a6 g6 43.Rf4 Ra1+ 44.Kh2 Kg7 45.Nxb6 Be8 46.Rb4 Ra5 47.
Nd7 Bxd7 48.b6 Rh5+ 49.Kg2 Rg5+ 50.Kf3 Bc6+ 51.Ke3 Re5+ 52.Kd4 Re8 53.Kc5 
Bg2 54.b7 h5 55.a7 Re5+ 56.Kd6 Rd5+ 57.Ke6 1-0

[Event "XIII American Continental"]
[Site "Montevideo URU"]
[Date "2018.06.05"]
[Round "6"]
[White "Mekhitarian, Krikor Sevag"]
[Black "Varacalli, Francisco"]
[Result "1-0"]
[WhiteElo "2546"]
[BlackElo "2312"]
[EventDate "2018.06.01"]
[PlyCount "85"]

1.e4 e5 2.Nf3 Nc6 3.Bb5 Nf6 4.O-O d6 5.Nc3 Bd7 6.d4 exd4 7.Nxd4 Be7 8.Bxc6
bxc6 9.Qf3 O-O 10.h3 c5 11.Nf5 Bxf5 12.Qxf5 Nd7 13.Bd2 Nb6 14.b3 Bf6 15.
Rad1 Qc8 16.Qf3 Re8 17.a4 Qe6 18.Nb5 Qd7 19.Rfe1 Qc6 20.e5 Qxf3 21.gxf3 
Rxe5 22.Nxc7 Rd8 23.Bf4 Rxe1+ 24.Rxe1 h5 25.a5 Nc8 26.Nd5 Kh7 27.Re4 Kg6 
28.Kf1 Rd7 29.b4 cxb4 30.Rxb4 Kf5 31.a6 Ke6 32.Rb7 Bd8 33.Be3 Bb6 34.Bxb6 
axb6 35.Nc7+ Ke5 36.Nb5 Ke6 37.Nc7+ Ke5 38.Nb5 Ke6 39.Nd4+ Ke7 40.c4 Kd8 
41.Nc6+ Ke8 42.Rb8 Rc7 43.a7 1-0

[Event "XIII American Continental"]
[Site "Montevideo URU"]
[Date "2018.06.05"]
[Round "6"]
[White "Pierrot, Facundo"]
[Black "Martinez Alcantara, Jose Eduardo"]
[Result "1/2-1/2"]
[WhiteElo "2392"]
[BlackElo "2539"]
[EventDate "2018.06.01"]
[PlyCount "95"]

1.e4 c5 2.Nf3 d6 3.Bb5+ Nd7 4.d4 cxd4 5.Qxd4 a6 6.Bxd7+ Bxd7 7.Nc3 e5 8.
Qd3 h6 9.Nd2 Rc8 10.Nc4 Qc7 11.Ne3 Nf6 12.Bd2 Be6 13.Rc1 Qc6 14.Ncd5 Bxd5 
15.exd5 Qa4 16.O-O g6 17.c4 Bg7 18.b3 Qd7 19.b4 O-O 20.c5 Qb5 21.Qxb5 axb5
22.c6 bxc6 23.dxc6 Ra8 24.c7 Rfc8 25.Rc6 Rxa2 26.Bc3 Ra7 27.Rxd6 Ne8 28.
Rd5 Nxc7 29.Rc5 Re8 30.Rd1 e4 31.Bxg7 Kxg7 32.h4 Re7 33.h5 Ra4 34.hxg6 
fxg6 35.Rdc1 Na6 36.Rxb5 Rxb4 37.Ra5 Re6 38.Rc8 Rb7 39.Nd5 Nb4 40.Nxb4 
Rxb4 41.Rc2 h5 42.Ra3 Kf6 43.f3 Kf5 44.fxe4+ Rexe4 45.Rc5+ Kf6 46.Ra6+ Kg7
47.Rg5 Rb1+ 48.Kh2 1/2-1/2

[Event "XIII American Continental"]
[Site "Montevideo URU"]
[Date "2018.06.05"]
[Round "6"]
[White "Slipak, Sergio"]
[Black "Di Berardino, Diego Rafael"]
[Result "1/2-1/2"]
[WhiteElo "2420"]
[BlackElo "2525"]
[EventDate "2018.06.01"]
[PlyCount "40"]

1.d4 Nf6 2.Nf3 g6 3.Bg5 Bg7 4.e3 O-O 5.Be2 c5 6.c3 b6 7.O-O Bb7 8.Nbd2 d6 
9.a4 a6 10.b4 Nbd7 11.Qb3 Qc7 12.Rfc1 h6 13.Bh4 g5 14.Bg3 Nh5 15.Nf1 e6 
16.N3d2 Ndf6 17.Rab1 Nxg3 18.Nxg3 Rab8 19.Bf3 d5 20.Qd1 Qe7 1/2-1/2

[Event "XIII American Continental"]
[Site "Montevideo URU"]
[Date "2018.06.05"]
[Round "6"]
[White "Alonso, Salvador"]
[Black "Quintiliano Pinto, Renato Rodrigues"]
[Result "1/2-1/2"]
[WhiteElo "2519"]
[BlackElo "2423"]
[EventDate "2018.06.01"]
[PlyCount "111"]

1.e4 c5 2.Nf3 d6 3.d4 cxd4 4.Nxd4 Nf6 5.Nc3 a6 6.Be3 e5 7.Nf3 Be7 8.Bc4 
O-O 9.O-O Be6 10.Bb3 Nc6 11.Qe2 Na5 12.Rfd1 Nxb3 13.cxb3 Qe8 14.Ne1 Ng4 
15.Nc2 f5 16.exf5 Bxf5 17.Nb4 Qg6 18.Nbd5 Rae8 19.f3 Nxe3 20.Nxe7+ Rxe7 
21.Qxe3 Ref7 22.Kh1 h5 23.Rd2 h4 24.Rg1 Kh8 25.Ne4 Bxe4 26.fxe4 Rf4 27.Re2
Rf1 28.h3 R8f4 29.Rxf1 Rxf1+ 30.Kh2 Kh7 31.Rd2 Qf6 32.b4 Qg6 33.a3 Rf4 34.
Re2 Rf1 35.Rd2 Qf6 36.a4 Kg8 37.b5 axb5 38.axb5 Kh7 39.b6 Qg6 40.Re2 Kg8 
41.Rd2 Kh8 42.Rf2 Rxf2 43.Qxf2 Qxe4 44.Qf8+ Kh7 45.Qxd6 Qf4+ 46.Kh1 Qc1+ 
47.Kh2 Qg5 48.Qd3+ Kh6 49.Qd5 Qe7 50.Qe4 g6 51.b4 Kg7 52.Kg1 Kh6 53.Kf1 
Qg5 54.Ke2 Qf4 55.Qxb7 Qc4+ 56.Kf2 1/2-1/2

[Event "XIII American Continental"]
[Site "Montevideo URU"]
[Date "2018.06.05"]
[Round "6"]
[White "Soto Vega, Jorge"]
[Black "Henriquez Villagra, Cristobal"]
[Result "1/2-1/2"]
[WhiteElo "2357"]
[BlackElo "2518"]
[EventDate "2018.06.01"]
[PlyCount "69"]

1.e4 c5 2.Nf3 d6 3.Bb5+ Nd7 4.d4 cxd4 5.Qxd4 Nf6 6.Bg5 a6 7.Bxd7+ Nxd7 8.
Nc3 Qb6 9.Nd5 Qxd4 10.Nxd4 Rb8 11.Nc7+ Kd8 12.Nd5 Nc5 13.f3 Bd7 14.O-O-O 
h6 15.Bh4 g5 16.Bg3 e6 17.Ne3 Rc8 18.Rd2 b5 19.Kb1 h5 20.h3 Nb7 21.b3 Bg7 
22.Rhd1 Rc3 23.Bf2 Rc7 24.c4 Ke7 25.cxb5 Bxd4 26.Rxd4 axb5 27.h4 g4 28.f4 
Bc6 29.Nf1 f5 30.exf5 exf5 31.Ne3 Ke6 32.Nd5 Rf7 33.R4d2 g3 34.Bd4 Rh6 35.
Re1+ 1/2-1/2

[Event "XIII American Continental"]
[Site "Montevideo URU"]
[Date "2018.06.05"]
[Round "6"]
[White "Vera Siguenas, Deivy"]
[Black "Santarius, Erik"]
[Result "1/2-1/2"]
[WhiteElo "2516"]
[BlackElo "2387"]
[EventDate "2018.06.01"]
[PlyCount "95"]

1.e4 c6 2.d4 d5 3.Nc3 dxe4 4.Nxe4 Nd7 5.Ng5 Ngf6 6.Bd3 e6 7.N1f3 Bd6 8.Qe2
h6 9.Ne4 Nxe4 10.Qxe4 Qe7 11.O-O Nf6 12.Qe2 O-O 13.b3 b6 14.Ne5 c5 15.dxc5
Bxc5 16.Bb2 Bb7 17.Rad1 Rfd8 18.c4 Rd6 19.Bc2 Rad8 20.Nd3 R6d7 21.Nxc5 
Qxc5 22.Rxd7 Rxd7 23.Rd1 Rxd1+ 24.Qxd1 Be4 25.Bxe4 Nxe4 26.Qd4 Qxd4 27.
Bxd4 f6 28.f3 Nc5 29.b4 Nd7 30.f4 Kf7 31.Kf2 Ke7 32.Kf3 Kd6 33.Ke4 a5 34.
a3 axb4 35.axb4 Kc6 36.g4 b5 37.Kd3 g6 38.h3 f5 39.gxf5 gxf5 40.Kc3 h5 41.
Kd3 Nf8 42.Be3 Ng6 43.Kd4 Kb6 44.cxb5 Kxb5 45.Bd2 h4 46.Kc3 e5 47.fxe5 
Nxe5 48.Bg5 1/2-1/2

[Event "XIII American Continental"]
[Site "Montevideo URU"]
[Date "2018.06.05"]
[Round "6"]
[White "Terry Lujan, Renato Alfredo"]
[Black "Coro, Lucas"]
[Result "1-0"]
[WhiteElo "2503"]
[BlackElo "2269"]
[EventDate "2018.06.01"]
[PlyCount "71"]

1.d4 Nf6 2.Bg5 e6 3.e4 h6 4.Bxf6 Qxf6 5.c3 d6 6.Bd3 g6 7.Ne2 Bg7 8.O-O e5 
9.f4 Qe7 10.Nd2 O-O 11.Nf3 Nd7 12.Qd2 exd4 13.cxd4 c5 14.Rae1 Qd8 15.Kh1 
Re8 16.b4 cxd4 17.Nexd4 Nf6 18.e5 dxe5 19.fxe5 Nd5 20.e6 Bxe6 21.Nxe6 Rxe6
22.Rxe6 fxe6 23.Bxg6 Qf6 24.Bc2 Qc3 25.Qxc3 Bxc3 26.Bb3 Kg7 27.b5 a6 28.
Rc1 Bf6 29.Bxd5 exd5 30.Rc7+ Kg6 31.b6 Rb8 32.g4 h5 33.h3 hxg4 34.hxg4 d4 
35.Rd7 Rd8 36.Ne5+ 1-0

[Event "XIII American Continental"]
[Site "Montevideo URU"]
[Date "2018.06.05"]
[Round "6"]
[White "Bick, Gabriel"]
[Black "Hoffman, Alejandro"]
[Result "0-1"]
[WhiteElo "2391"]
[BlackElo "2475"]
[EventDate "2018.06.01"]
[PlyCount "148"]

1.e4 e5 2.Nf3 d6 3.d4 exd4 4.Nxd4 Nf6 5.Nc3 Be7 6.Be2 O-O 7.Bf4 Re8 8.Qd2 
Bf8 9.f3 c6 10.O-O Nbd7 11.Rad1 Ne5 12.Kh1 Ng6 13.Be3 d5 14.exd5 Nxd5 15.
Nxd5 Qxd5 16.c4 Qe5 17.Bf2 Qf6 18.Rfe1 Rd8 19.Qc3 Bd6 20.Bg3 Bxg3 21.hxg3 
Bd7 22.c5 h5 23.Bc4 h4 24.gxh4 Qxh4+ 25.Kg1 Qg5 26.Kf2 Qh4+ 27.Kg1 Re8 28.
Ne2 Be6 29.Bxe6 Rxe6 30.Nd4 Rxe1+ 31.Rxe1 Qg5 32.Re4 Rd8 33.b4 Nf4 34.Qc2 
f5 35.Nxf5 Rd2 36.Qxd2 Nh3+ 37.Kh2 Qxd2 38.Kxh3 Qxa2 39.Rg4 Qb1 40.Nxg7 
Kf7 41.Kh2 a5 42.bxa5 Qc1 43.f4 Qxc5 44.Rg5 Qf2 45.Nh5 c5 46.Ng3 c4 47.Rb5
Ke8 48.Rxb7 Qxf4 49.a6 Qh6+ 50.Kg1 Qxa6 51.Rb1 c3 52.Re1+ Kf7 53.Ne2 c2 
54.Nc1 Qd6 55.Kf1 Qd2 56.Na2 Kf6 57.Nc1 Kf5 58.Ne2 Qd1 59.Kf2 Qd2 60.Kf1 
Ke4 61.Nc1+ Kd5 62.Na2 Kc4 63.Nc1 Qd1 64.Kf2 Qd4+ 65.Kf1 Qf4+ 66.Kg1 Qd2 
67.Kf1 Kb4 68.Ne2 Kb3 69.Kf2 Kb2 70.Rf1 Qd1 71.Re1 Kb3 72.Kf1 Qd3 73.Kf2 
Kc4 74.Rf1 Qf5+ 0-1